Lake ecosystem ecology: a global perspective, a derivative of Encyclopedia of inland waters (Record no. 80574)

MARC details
000 -LEADER
fixed length control field 02138nam a2200241 a 4500
008 - FIXED-LENGTH DATA ELEMENTS--GENERAL INFORMATION
fixed length control field 190612s2010 ||||||||||||||||| || u
010 ## - LIBRARY OF CONGRESS CONTROL NUMBER
LC control number 2010010995
020 ## - INTERNATIONAL STANDARD BOOK NUMBER
International Standard Book Number 9780123820020
020 ## - INTERNATIONAL STANDARD BOOK NUMBER
International Standard Book Number 0123820022 (alk. paper)
050 ## - LIBRARY OF CONGRESS CALL NUMBER
Classification number QH 541.5.L3 Lak
100 ## - MAIN ENTRY--PERSONAL NAME
Personal name Likens, Gene E
245 10 - TITLE STATEMENT
Title Lake ecosystem ecology: a global perspective, a derivative of Encyclopedia of inland waters
Statement of responsibility, etc. edited by Gene E. Likens.
260 ## - PUBLICATION, DISTRIBUTION, ETC.
Place of publication, distribution, etc. Amsterdam ; Boston
Name of publisher, distributor, etc. Elsevier Academic Press
Date of publication, distribution, etc. 2010
300 ## - PHYSICAL DESCRIPTION
Extent xiii, 463 pages : illustrated (some col.), maps (some col.)
350 ## -
-- 104.00
500 ## - GENERAL NOTE
General note "Material in this work originally appeared in Encyclopedia of Inland Waters by Gene E. Likens  (Elsevier Inc. 2009) "--T.p. verso. Includes bibliographical references and index.
505 ## -
-- Lake ecosystems: structure, function and change -- Hydrodynamics and mixing in lakes -- Lakes and reservoirs of the world -- Lakes and reservoirs: pollution, management and services.
520 ## -
-- "A derivative of the Encyclopedia of Inland Waters, Lake Ecosystem Ecology examines the workings of the lake and reservoir ecosystems of our planet. Information and perspectives crucial to the understanding and management of current environmental problems are covered, such as eutrophication, acid rain and climate change. Because the articles are drawn from an encyclopedia, the articles are easily accessible to interested members of the public, such as conservationists and environmental decision makers. It includes an up-to-date summary of global aquatic ecosystems and issues; covers current environmental problems and management solutions; and features full-color figures and tables to support the text and aid in understanding."--Publisher's description.
650 #0 - SUBJECT ADDED ENTRY--TOPICAL TERM
Topical term or geographic name entry element LAKE ECOLOGY
995 ## -
-- MAIN LIBRARY OPEN ACCESS
-- 749174
-- CBU-MAIN LIBRARY (Kitwe)
-- 104.00
-- QH 541.5.L3 Lak
-- 2
-- AVAILABLE
-- Jun 12, 2019
-- 749174
-- Main Library Open Access Collection
995 ## -
-- MAIN LIBRARY OPEN ACCESS
-- 749173
-- CBU-MAIN LIBRARY (Kitwe)
-- 104.00
-- QH 541.5.L3 Lak
-- 1
-- AVAILABLE
-- Jun 12, 2019
-- 749173
-- Main Library Open Access Collection
999 ## -
-- 80574
-- 80574
Holdings
Withdrawn status Lost status Source of classification or shelving scheme Damaged status Not for loan Permanent Location Current Location Shelving location Date acquired Total Checkouts Full call number Barcode Date last seen Copy number Price effective from Koha item type
          CBU-MAIN LIBRARY, KITWE. CBU-MAIN LIBRARY, KITWE.   06/30/2023   QH 541.5.L3 Lak 749174 06/30/2023 1 06/30/2023 MONOGRAPH
          CBU-MAIN LIBRARY, KITWE. CBU-MAIN LIBRARY, KITWE.   06/30/2023   QH 541.5.L3 Lak 749173 06/30/2023 2 06/30/2023 MONOGRAPH